गुरू रविदास: (Record no. 37973)

MARC details
000 -LEADER
fixed length control field 01517nam a22002537a 4500
005 - DATE AND TIME OF LATEST TRANSACTION
control field 2010072703373.0
010 ## - LCCN (DPL NO)
LC control number HIN-89852
020 ## - INTERNATIONAL STANDARD BOOK NUMBER
International Standard Book Number 9788184420142
Terms of availability 350.00
020 ## - INTERNATIONAL STANDARD BOOK NUMBER
International Standard Book Number 9788184420145
Terms of availability 350.00
035 ## - SYSTEM CONTROL NUMBER
System control number HN-62198
037 ## - SOURCE OF ACQUISITION
Source of stock number/acquisition DBAD / PUB
082 ## - DEWEY DECIMAL CLASSIFICATION NUMBER
Classification number 821.08
245 ## - TITLE STATEMENT
Title गुरू रविदास:
Remainder of title तुलनात्मक अध्ययन /
Statement of responsibility, etc धर्मपाल सिंहल:बलदेव सिंह 'बद्दन' द्वारा संपादित
246 ## - VARYING FORM OF TITLE
Title proper/short title Guru Ravidas:Tulnatmak Addhyan
Remainder of title by Dharmpal Sinhal:Baldev Singh 'Baddan'
260 ## - PUBLICATION, DISTRIBUTION, ETC. (IMPRINT)
Place of publication, distribution, etc नई दिल्ली
Name of publisher, distributor, etc यूनिवर्सल वॉइस
Date of publication, distribution, etc 2010
270 ## - ADDRESS
Address जीएफ-6, प्रकाश दीप बिल्डंग,4735/22, अन्सारी रोड़, दरियागंज
City नई दिल्ली
Postal code 110002
Telephone number 011-24501939, 09718046454
Electronic mail address universalvoice@gmail.com
300 ## - PHYSICAL DESCRIPTION
Extent 191पृ.
Dimensions 22सेमी (सजिल्द)
650 ## - SUBJECT ADDED ENTRY--TOPICAL TERM
Topical term or geographic name as entry element हिन्दी कविता
General subdivision इतिहास एवं समालोचना
650 ## - SUBJECT ADDED ENTRY--TOPICAL TERM
Topical term or geographic name as entry element Hindi Poetry
General subdivision History and criticism
700 ## - ADDED ENTRY--PERSONAL NAME
Personal name सिंहल, धर्मपाल
9 (RLIN) 1910
700 ## - ADDED ENTRY--PERSONAL NAME
Personal name सिंह, बलदेव 'बद्दन',
9 (RLIN) 1911
942 ## - ADDED ENTRY ELEMENTS (KOHA)
Source of classification or shelving scheme Dewey Decimal Classification
Item type Hindi Books
Classification part 821.08
Call number suffix गुरूर
Holdings
Withdrawn status Lost status Not for loan Collection code Home library Current library Date acquired Source of acquisition Cost, normal purchase price Full call number Barcode Copy number Cost, replacement price Koha item type
    Not For Loan Non-fiction D.B.Act.Division D.B.Act.Division 27/07/2010 DBAD / PUB 350.00 821.08 गुरूर HN-62198 1 350.00 Hindi Books

© Delhi Public Library
Hit Counter
free hit counter